| 000 | 02328nam0a2200361 4500 | ||
|---|---|---|---|
| 001 | RU\NLR\BIBL_A\022623968 | ||
| 005 | 20251125154037.0 | ||
| 010 |
_a978-5-907595-12-5 _9200 |
||
| 021 |
_aRU _bКН-П-25-044908 _9КН-П-25-4367 |
||
| 035 | _a(NLR Aleph) 022623968 | ||
| 090 |
_a13469923 _c13469923 |
||
| 100 | _a20250917d2025 u y0rusy50 ca | ||
| 101 | 0 | _arus | |
| 102 | _aRU | ||
| 105 | _aa|||j|||000yy | ||
| 181 | 0 |
_ai3 _baxxe |
|
| 182 | 0 | _an | |
| 200 | 1 |
_aПолевой определитель минералов _eучебное пособие _fС. В. Межеловская, К. Г. Ерофеева, А. Д. Межеловский [и др.] _gМинобрнауки России, Федеральное государственное бюджетное образовательное учреждение высшего образования "Российский государственный геологоразведочный университет имени Серго Орджоникидзе" (МГРИ), Геологический факультет, Кафедра общей геологии и геологического картирования |
|
| 203 |
_aТекст _bвизуальный _cнепосредственный |
||
| 210 |
_aМосква _cМГРИ _d2025 |
||
| 215 |
_a55 с. _cил., цв. ил., табл. _d21 |
||
| 300 | _aАвт. указаны на обороте тит. с. | ||
| 606 | 1 |
_aМинералы _jУчебные издания для высших учебных заведений _xОпределение _91428166 _3RU\NLR\AUTH\66603388 |
|
| 686 | 1 | _aД331вя73 | |
| 701 | 1 |
_aМежеловская _bС. В. _gСофья Владимировна |
|
| 701 | 1 |
_aЕрофеева _bК. Г. _gКсения Геннадьевна |
|
| 701 | 1 |
_aМежеловский _bА. Д. _gАлексей Дмитриевич |
|
| 712 | 0 | 2 |
_4570 _aРоссийский государственный геологоразведочный университет им. С. Орджоникидзе _bКафедра общей геологии и геологического картирования _92677825 _3RU\NLR\AUTH\880631237 |
| 942 | _cBOOK | ||
| 980 | _aNB | ||